000 00912nam a2200193Ii 4500
003 JO-AjNU
008 230605s9999||||xx |||||||||||||| ||und||
040 _aJO-AjNU
_bara
_erda
_cJO-AjNU
041 _aara
050 1 4 _aLB1642.J6.1988
100 3 _a إعداد موسى سليمان الصالح أبو زيتون,
_eauthor
_956612
245 0 0 _aالعلاقة بين قلق الامتحان والتحصيل الدراسى العام لدى طلبة الثانوية العامه بمدارس محافظة اربد
264 3 1 _aد،م: د،ن، 1988
300 _a53ص
336 _atext
_btxt
_2rdacontent
337 _aunmediated
_bn
_2rdamedia
338 _avolume
_bnc
_2rdacarrier
650 4 _aالاختبارات والقياسات التعليمية -- الأردن -- التحصيل العلمي -- التوجيه التربوي -- التعليم الثانوي -- الأردن -- إربد
_956613
999 _aA25319
_c28887
_d28887